Statistics for Uzbekistan Or Kyrgyzstan

Click here to take the quiz!

General Stats

  • This quiz has been taken 69 times
  • The average score is 9 of 15

Answer Stats

QuestionAnswer% Correct
Was Part Of The Soviet UnionBoth
91%
Border's ChinaKyrgyzstan
91%
Has A Population Over 25 MillionUzbekistan
88%
Border's TurkmenistanUzbekistan
84%
Is Over 94% MountainousKyrgyzstan
81%
Is One Of Two Doubly Landlocked CountriesUzbekistan
72%
Is Home To The Tian Shan Mountain RangeKyrgyzstan
71%
Has A Higher Percentage Of The Population Being MuslimUzbekistan
57%
Is The Furthest Country In The World From Any Major Body Of WaterKyrgyzstan
55%
Is Home To The Silk RoadBoth
52%
Has Russian As One Of The Official LanguagesBoth
43%
Is A DictatorshipNone
33%
Uses The Manat As Their CurrencyNone
33%
Is Home To Tash RabatKyrgyzstan
31%
Is Home To Lenin PeakNone
24%

Score Distribution

Percentile by Number Answered

Percent of People with Each Score

Your Score History

You have not taken this quiz